00378nam a2200121Ia 4500001000800000005001700008008004100025020001800066245004100084260002200125999002100147952008800168125919220260417140307.0260417s9999 xx 000 0 und d a9789754739824 0aHz. Abdullah bin ZübeyrcAli Dadan bBeyan Yayınları c1259192d1259192 00104070a1112b1112d2026-04-17l0p1112110r2026-04-17 14:03:07w2026-04-17yBK